| 000 | 00590nam a22002057a 4500 | ||
|---|---|---|---|
| 003 | IIN | ||
| 005 | 20250429114505.0 | ||
| 008 | 250429s |||ad||| |||| 001 0 eng d | ||
| 020 |
_a9789390619450 _cRs.895.00 |
||
| 040 | _aIIN | ||
| 082 |
_a579 _bDHI |
||
| 100 | _aDhir, Anju | ||
| 245 |
_aTextbook of Applied Microbiology _bIncluding Infection Control and Safety for BSc. Nursing Students/ _cAnju Dhir |
||
| 250 | _a2nd ed. | ||
| 260 |
_aDelhi _bCBSPD _c2025 |
||
| 300 |
_axxiv, 529 p. _bcol. ill. |
||
| 500 | _aIncludes Index | ||
| 650 |
_aMicrobiology _xInfection Control |
||
| 942 | _cBOOK | ||
| 999 |
_c1767 _d1767 |
||